00401nam a2200145Ia 4500008004100000020001800041041000800059082001800067100003200085245005600117260002600173300000800199365001600207700003200223230718s9999 xx 000 0 und d a9788178001135 aeng a005.4'32bVEN aVenkateswarlu N.B. (Editor) aIntroduction To LinuxbInstallation And Programming c2014bBS Publications a588 cRs.b425.00 aVenkateswarlu N.B. (Editor)